000 00683nam a2200205Ia 4500
005 20250508162751.0
008 008 250505s9999 xx 000 0 eng d
020 _a92-803-1135-2
037 _aTextual
040 _aFEDL
_beng
_cFEDL
041 _aeng
_2eng
084 _a379.111, UNE
_qFEDL
100 _aMagnen Andre
_9774010
245 0 _aEducation projects: Elaboration, financing and management
245 0 _cUnesco: International Institute for Educational Planning (Paris France)
260 _aParis, France
_bUNESCO: International Institute for Education Planning
_c1991
300 _a130p
942 _cTEXL
_h379.111, UNE
999 _c1378586
_d1378586